000 00664nam a22001577a 4500
003 OSt
005 20150926165454.0
008 150926b xxu||||| |||| 00| 0 eng d
040 _cRUA
082 _aAGR VEN 2013 B057 Or.1
100 _91395
_aVEN, SOPHEAKTRA.
245 _aPesticide utilization on dry- season rice at angkorborey district takeo province, ការប្រើប្រាស់ថ្នាំកសិកម្មទៅលើដំណាំស្រូវប្រាំងនៅស្រុកអង្គរបុរី ខេត្តតាកែវ
260 _aPhnom Penh
_bRUA
_c2013
300 _axii; 46p.
_bill.
_c29cm.
942 _2ddc
_cAGR
999 _c1309
_d1309